|
|
|
|
| LEADER |
01108nam a2200373 4500 |
| 001 |
DLU050047871 |
| 005 |
##20050614 |
| 008 |
##970729s1997 dcua b 000 0 eng |
| 010 |
# |
# |
|a 97036029
|
| 020 |
# |
# |
|a 0821340328
|
| 035 |
# |
# |
|9 (DLC) 97036029
|
| 040 |
# |
# |
|a DLC
|c DLC
|d DLC
|
| 043 |
# |
# |
|a a------
|
| 050 |
# |
# |
|a TD883.7.A78
|b U73 1997
|
| 082 |
# |
# |
|a 363.739
|b Urb
|
| 245 |
# |
# |
|a Urban air quality management strategy in Asia :
|b guidebook /
|c edited by Jitendra J. Shah, Tanvi Nagpal, Carter J. Brandon
|
| 260 |
# |
# |
|a Washington, D.C. :
|b World Bank,
|c 1997
|
| 300 |
# |
# |
|a xiv, 171 p. :
|b ill. ;
|c 28 cm.
|
| 504 |
# |
# |
|a Includes bibliographical references (p. 97-103).
|
| 650 |
# |
# |
|a Air quality management
|z Asia.
|
| 650 |
# |
# |
|a Urban pollution
|z Asia.
|
| 700 |
# |
# |
|a Brandon, Carter,
|d 1954-
|
| 700 |
# |
# |
|a Nagpal, Tanvi,
|d 1967-
|
| 700 |
# |
# |
|a Shah, Jitendra J.,
|d 1952-
|
| 923 |
# |
# |
|a 18/2005
|
| 992 |
# |
# |
|a 7400
|
| 994 |
# |
# |
|a DLU
|
| 900 |
# |
# |
|a True
|
| 911 |
# |
# |
|a Nguyễn Thị Tố Hạnh
|
| 925 |
# |
# |
|a G
|
| 926 |
# |
# |
|a A
|
| 927 |
# |
# |
|a SH
|
| 980 |
# |
# |
|a Thư viện Trường Đại học Đà Lạt
|